Statistics for Identify Missing Countries

Click here to take the quiz!

General Stats

  • This quiz has been taken 6 times
  • The average score is 14 of 15

Answer Stats

HintAnswer% Correct
AfricaBurundi
100%
North AmericaCuba
100%
EuropeEstonia
100%
EuropeIceland
100%
AfricaLiberia
100%
AfricaSierra Leone
100%
AsiaSouth Korea
100%
AsiaSri Lanka
100%
AsiaTaiwan
100%
South AmericaUruguay
100%
AsiaVietnam
100%
EuropeCyprus
83%
North AmericaJamaica
83%
AsiaUnited Arab Emirates
83%
AsiaPhilippines
67%

Score Distribution

Percentile by Number Answered

Percent of People with Each Score

Your Score History

You have not taken this quiz